...Monographic des cestodes de la famille des Anoplocephalidae, (Record no. 9186)

MARC details
000 -LEADER
fixed length control field 00772cam a22002171 4500
001 - CONTROL NUMBER
control field agr28000867
003 - CONTROL NUMBER IDENTIFIER
control field DLC
005 - DATE AND TIME OF LATEST TRANSACTION
control field 20260227110947.0
008 - FIXED-LENGTH DATA ELEMENTS--GENERAL INFORMATION
fixed length control field 750813s1927 fr af b 000 0 eng
010 ## - LIBRARY OF CONGRESS CONTROL NUMBER
LC control number agr28000867
035 ## - SYSTEM CONTROL NUMBER
System control number (OCoLC)1542097
040 ## - CATALOGING SOURCE
Original cataloging agency DLC
Transcribing agency FMU
Modifying agency DLC
050 00 - LIBRARY OF CONGRESS CALL NUMBER
Classification number QL391.C4
Item number B25
100 1# - MAIN ENTRY--PERSONAL NAME
Personal name Baer, Jean Georges,
Dates associated with a name 1902-
245 00 - TITLE STATEMENT
Title ...Monographic des cestodes de la famille des Anoplocephalidae,
Statement of responsibility, etc. par Jean-G. Baer...
260 ## - PUBLICATION, DISTRIBUTION, ETC.
Place of publication, distribution, etc. Paris,
Name of publisher, distributor, etc. Les presses universitaires de France; [etc., etc.]
Date of publication, distribution, etc. 1927.
300 ## - PHYSICAL DESCRIPTION
Extent vi, 241 [8] p.
Other physical details illus., IV fold. pl., diagrs.
Dimensions 26 cm.
490 0# - SERIES STATEMENT
Series statement Supplements an Bulletin biologique de France et de Belgique. Supplement X.
504 ## - BIBLIOGRAPHY, ETC. NOTE
Bibliography, etc. note "Index bibliographique": p. [232]-241.
650 #0 - SUBJECT ADDED ENTRY--TOPICAL TERM
Topical term or geographic name entry element Anoplocephalidae.

No items available.

Powered by Koha